México ante los retos de la biodiversidad (Registro nro. 3607)

Detalles MARC
000 -CABECERA
Campo de control 00960nam a2200277 a 4500
005 - FECHA Y HORA DE LA ULTIMA TRANSACCION
Campo de control 20200104041541.0
008 - ELEMENTOS DE LONGITUD FIJA—INFORMACION GENERAL
Campo de control 140312t1992 mx fr|||| 000 0 spa d
020 ## - ISBN
ISBN 9683624545
040 ## - FUENTE DE CATALOGACIÓN
Agencia catalogadora original CO-BoIAVH
Agencia transcriptora CO-BoIAVH
041 0# - IDIOMA
Código de idioma para texto/pista de sonido o título separado Español
044 ## - PAÍS DE PUBLICACIÓN
País de publicación México
082 04 - NUMERO DE CLASIFICACION DECIMAL DEWEY
Número de clasificación 577.0972
Número del ítem C73m
110 2# - ASIENTO PRINCIPAL--NOMBRE CORPORATIVO
Nombre corporativo o de jurisdicción como elemento de entrada Comisión Nacional para el Conocimiento y Uso de la Biodiversidad
9 (RLIN) 57979
245 10 - MENCION DE TITULO
Título México ante los retos de la biodiversidad
246 11 - FORMA VARIANTE DEL TITULO
Título propiamente dicho/forma breve del título Mexico confronts the challenges of biodiversity
260 ## - PUBLICACION, DISTRIBUCION, ETC. (PIE DE IMPRENTA)
Lugar de publicación, distribución, etc. México :
Nombre del editor, distribuidor, etc. Comisión Nacional para el Conocimiento y Uso de la Biodiversidad,
Fecha de publicación, distribución, etc. c1992.
300 ## - DESCRIPCION FISICA
Extensión 343 páginas ;
Dimensiones 24 x 17 cm.
650 16 - ASIENTO SECUNDARIO DE MATERIA - TERMINO TEMATICO
Término temático o nombre geográfico como elemento de entrada Biodiversidad
9 (RLIN) 92204
650 26 - ASIENTO SECUNDARIO DE MATERIA - TERMINO TEMATICO
Término temático o nombre geográfico como elemento de entrada Educación Ambiental
9 (RLIN) 162
650 26 - ASIENTO SECUNDARIO DE MATERIA - TERMINO TEMATICO
Término temático o nombre geográfico como elemento de entrada Biología de la conservación
9 (RLIN) 3740
650 26 - ASIENTO SECUNDARIO DE MATERIA - TERMINO TEMATICO
Término temático o nombre geográfico como elemento de entrada Áreas de conservación
9 (RLIN) 57983
662 ## - ASIENTO SECUNDARIO DE MATERIA - JERARQUIA DEL NOMBRE DE LUGAR(
País o entidad mayor México
700 1# - ASIENTO SECUNDARIO - NOMBRE PERSONAL
Nombre personal Sarukhán, José
Término de relación Compilador
9 (RLIN) 20483
700 1# - ASIENTO SECUNDARIO - NOMBRE PERSONAL
Nombre personal Dirzo, Rodolfo
Término de relación Compilador
9 (RLIN) 20484
942 ## - ELEMENTOS ADICIONALES (KOHA)
Tipo de ítem Libro
Sistema de clasificación Dewey Decimal Classification
Existencias
Withdrawn status Lost status Sistema de Clasificación Damaged status No para préstamo Colección Inventariado Ubicación Permanente Ubicación actual Fecha de adquisición Fuente de Valor Valor Total Checkouts Número topográfico Inventario / Código de Barras Date last seen Ejemplar Price effective from Forma de adquisición Tipo de material
    Dewey Decimal Classification     General Inventariado 2017 Bogotá Bogotá 27/01/2004 Instituto 39000.00   LB-577.0972 C73m 015305 04/12/2012 Ej. 1 04/12/2012   Libro